[Event "DSM WK M 2012"]
[Site "Karlsruhe GER"]
[Date "2012.05.04"]
[Round "3"]
[White "Hallek, Sarah"]
[Black "Kluge, Helene"]
[Result "0-1"]
[Termination "normal"]
[Board "5.4"]
[WhiteElo "800"]
[BlackElo "831"]
[WhiteTeam "Louise-Henriette-Gymnasium Oranienburg"]
[BlackTeam "Heinrich-Schliemann-Gymnasium Berlin"]
[PlyCount "72"]
[BlackFideId "12983179"]
[EventCountry "GER"]
[EventRounds "7"]
[EventType "team-swiss"]
[EventDate "2012.05.03"]

1. d4 d5 2. Nf3 Nf6 3. Nbd2 Bg4 4. h3 Bh5 5. e3 e6 6. Bd3 Nc6 7. c3 Bd6 8. g4
Bg6 9. Bxg6 hxg6 10. b4 Nxg4 11. b5 Na5 12. Ng5 Nf6 13. Qa4 b6 14. Ba3 Qe7 15.
Bxd6 Qxd6 16. Rg1 Qh2 17. Rg3 Qh1+ 18. Nf1 Nc4 19. Ke2 Nh5 20. Rg4 f6 21. Nxe6
Kd7 22. Nf4 Nxf4+ 23. Rxf4 Rxh3 24. Ng3 Qxa1 25. Qb3 Qc1 26. e4 Qxf4 27. exd5
Nd2 28. Qc2 Nf3 29. Qxg6 Rg8 30. Nf5 Nh4 31. Qf7+ Kc8 32. Qxg8+ Kb7 33. Nxg7
Qe4+ 34. Kd2 Qd3+ 35. Kc1 Qe2 36. Kb1 Rh1# 0-1

[Event "DSM WK M 2012"]
[Site "Karlsruhe GER"]
[Date "2012.05.04"]
[Round "3"]
[White "Polert, Annika"]
[Black "G., Diana"]
[Result "1-0"]
[Termination "normal"]
[Board "6.1"]
[WhiteElo "1806"]
[BlackElo "1026"]
[WhiteTeam "Gymnasium Harksheide"]
[BlackTeam "Charlotte-Paulsen-Gymnasium Hamburg"]
[PlyCount "51"]
[WhiteFideId "24692328"]
[BlackFideId "12964700"]
[EventCountry "GER"]
[EventRounds "7"]
[EventType "team-swiss"]
[EventDate "2012.05.03"]

1. c4 e5 2. g3 Nc6 3. Bg2 d6 4. Nc3 Be6 5. d3 Qd7 6. Rb1 a5 7. a3 Nf6 8. b4 Ra7
9. Be3 b6 10. b5 Ne7 11. Bg5 c6 12. bxc6 Nxc6 13. Rxb6 Rc7 14. Qa4 Ne7 15. Nb5
Kd8 16. Qxa5 Nc6 17. Rxc6 Ke8 18. Rxc7 Qxc7 19. Nxc7+ Ke7 20. Nd5+ Bxd5 21.
Bxd5 Ke8 22. Bxf6 gxf6 23. Qc7 Bh6 24. Qxf7+ Kd8 25. Be6 Bd2+ 26. Kxd2 1-0

[Event "DSM WK M 2012"]
[Site "Karlsruhe GER"]
[Date "2012.05.04"]
[Round "3"]
[White "Hackbarth, Rieke Marie"]
[Black "Reiter, Nicole"]
[Result "0-1"]
[Termination "normal"]
[Board "6.3"]
[WhiteElo "800"]
[BlackElo "794"]
[WhiteTeam "Gymnasium Harksheide"]
[BlackTeam "Charlotte-Paulsen-Gymnasium Hamburg"]
[PlyCount "78"]
[BlackFideId "16212126"]
[EventCountry "GER"]
[EventRounds "7"]
[EventType "team-swiss"]
[EventDate "2012.05.03"]

1. e4 e5 2. Nf3 Nc6 3. Nc3 Nf6 4. Bc4 Bc5 5. d3 d6 6. h3 Be6 7. O-O O-O 8. Bg5
a6 9. Nd5 Bxd5 10. exd5 Na5 11. Qe1 Nxc4 12. dxc4 h6 13. Bh4 g5 14. Bg3 b5 15.
cxb5 axb5 16. Rd1 Rxa2 17. Ra1 Rxb2 18. Rc1 Nxd5 19. Rd1 Nf6 20. Ra1 Rxc2 21.
Ra5 b4 22. Qd1 c6 23. Qxc2 Qxa5 24. h4 g4 25. Ng5 hxg5 26. Qf5 gxh4 27. Bxh4
Ne8 28. Qg5+ Ng7 29. Qxg4 f6 30. g3 b3 31. Kg2 Bd4 32. Rh1 c5 33. Bxf6 Rxf6 34.
Qh4 Kf7 35. Qh7 Qa8+ 36. Kg1 b2 37. Kh2 Rxf2+ 38. Kg1 Qa1+ 39. Qb1 Qxb1# 0-1

[Event "DSM WK M 2012"]
[Site "Karlsruhe GER"]
[Date "2012.05.04"]
[Round "3"]
[White "Syla, Albetina"]
[Black "Bahr, Hannah"]
[Result "1-0"]
[Termination "normal"]
[Board "6.4"]
[WhiteElo "800"]
[BlackElo "800"]
[WhiteTeam "Charlotte-Paulsen-Gymnasium Hamburg"]
[BlackTeam "Gymnasium Harksheide"]
[PlyCount "53"]
[EventCountry "GER"]
[EventRounds "7"]
[EventType "team-swiss"]
[EventDate "2012.05.03"]

1. e4 e5 2. Nf3 Nc6 3. Bc4 Bd6 4. Nc3 Nf6 5. Ng5 O-O 6. d4 Ne8 7. d5 Nf6 8.
dxc6 dxc6 9. Qf3 Bg4 10. Qg3 Bb4 11. a3 Ba5 12. b4 Bb6 13. Nf3 Qd6 14. h3 Rad8
15. O-O Bh5 16. Bh6 Ng4 17. hxg4 Qxh6 18. gxh5 Qxh5 19. Rad1 Bd4 20. Nxd4 Rd6
21. Be2 Qh6 22. Nf5 c5 23. Nxh6+ Rxh6 24. Nd5 cxb4 25. Ne7+ Kh8 26. Nf5 bxa3
27. Qxg7# 1-0

[Event "DSM WK M 2012"]
[Site "Karlsruhe GER"]
[Date "2012.05.04"]
[Round "3"]
[White "Beier, Nina"]
[Black "Petric, Vivien"]
[Result "1-0"]
[Termination "normal"]
[Board "7.1"]
[WhiteElo "1579"]
[BlackElo "844"]
[WhiteTeam "Albertus-Magnus-Schule Viernheim"]
[BlackTeam "Salier-Gymnasium Waiblingen"]
[PlyCount "41"]
[WhiteFideId "24660434"]
[EventCountry "GER"]
[EventRounds "7"]
[EventType "team-swiss"]
[EventDate "2012.05.03"]

1. d4 d5 2. Bg5 Nf6 3. Bxf6 exf6 4. e3 Nc6 5. a3 Bd6 6. Bd3 Bd7 7. Nd2 O-O 8.
c4 dxc4 9. Nxc4 Qe7 10. h3 Be6 11. Nxd6 Qxd6 12. Nf3 Rfe8 13. O-O h6 14. Nh4
Bd5 15. Nf5 Qe6 16. Qg4 g6 17. Nxh6+ Kf8 18. Qg3 Be4 19. Bxe4 Qxe4 20. Qxc7
Rab8 21. Qxf7# 1-0

[Event "DSM WK M 2012"]
[Site "Karlsruhe GER"]
[Date "2012.05.04"]
[Round "3"]
[White "Georgieva, Kameliya"]
[Black "Werner, Tanja"]
[Result "0-1"]
[Termination "normal"]
[Board "7.2"]
[WhiteElo "755"]
[BlackElo "1153"]
[WhiteTeam "Salier-Gymnasium Waiblingen"]
[BlackTeam "Albertus-Magnus-Schule Viernheim"]
[PlyCount "60"]
[EventCountry "GER"]
[EventRounds "7"]
[EventType "team-swiss"]
[EventDate "2012.05.03"]

1. e4 e5 2. Nf3 Nc6 3. Nc3 Nf6 4. Ng5 h6 5. Nf3 Bc5 6. h3 d6 7. Bb5 Bd7 8. O-O
O-O 9. d3 a6 10. Bxc6 Bxc6 11. d4 exd4 12. Nxd4 Bxe4 13. Nxe4 Nxe4 14. Re1 Nf6
15. Be3 Bxd4 16. Bxd4 c6 17. Bxf6 Qxf6 18. c3 d5 19. Re3 Rfe8 20. Rxe8+ Rxe8
21. Qg4 b5 22. Qd7 Qe6 23. Qb7 Qc8 24. Qa7 Re2 25. Rb1 c5 26. a3 Qc6 27. Kf1
Re8 28. Rd1 Qd6 29. Rd3 Qh2 30. Rxd5 Qh1# 0-1

[Event "DSM WK M 2012"]
[Site "Karlsruhe GER"]
[Date "2012.05.04"]
[Round "3"]
[White "Riederer, Jana"]
[Black "Schimmelpfennig, Desirée"]
[Result "0-1"]
[Termination "normal"]
[Board "7.3"]
[WhiteElo "800"]
[BlackElo "939"]
[WhiteTeam "Albertus-Magnus-Schule Viernheim"]
[BlackTeam "Salier-Gymnasium Waiblingen"]
[PlyCount "118"]
[EventCountry "GER"]
[EventRounds "7"]
[EventType "team-swiss"]
[EventDate "2012.05.03"]

1. e4 e5 2. Nf3 Nc6 3. Bb5 d6 4. Nc3 Nf6 5. Bxc6+ bxc6 6. d3 Ba6 7. O-O Be7 8.
Ng5 O-O 9. Be3 d5 10. exd5 cxd5 11. Na4 e4 12. Bd4 h6 13. Bxf6 Bxf6 14. Nh3 Bb5
15. Nc5 Rb8 16. c3 d4 17. c4 Bd7 18. Nxe4 Bxh3 19. gxh3 Rxb2 20. Ng3 Qd6 21.
Qc1 Rbb8 22. f4 Rfe8 23. Qd2 Qe6 24. Qg2 Qe3+ 25. Qf2 Qxf2+ 26. Rxf2 Re3 27.
Rff1 Rxd3 28. Kg2 Rd2+ 29. Kg1 d3 30. Ne4 Re2 31. Nf2 Bxa1 32. Rxa1 d2 33. Rd1
Re1+ 34. Kg2 Rbe8 35. Rxd2 Rc1 36. Ng4 Rxc4 37. Rd7 Rc2+ 38. Kg3 Rxa2 39. Rxc7
a5 40. Ne5 a4 41. Nxf7 a3 42. Nd6 Rf8 43. Nb5 Ra1 44. Nc3 Rd8 45. Kg4 Rg1+ 46.
Kf5 g6+ 47. Ke4 Re1+ 48. Kf3 Rc1 49. h4 Rd3+ 50. Ke4 Rdxc3 51. Rxc3 Rxc3 52.
Kd4 Rc8 53. Ke5 a2 54. f5 a1=Q+ 55. Kf4 Rc4+ 56. Ke3 Qa3+ 57. Kd2 Rxh4 58. Kc2
Rxh2+ 59. Kb1 Qb2# 0-1

[Event "DSM WK M 2012"]
[Site "Karlsruhe GER"]
[Date "2012.05.04"]
[Round "3"]
[White "Pankonin, Tabea"]
[Black "Seeger, Amelie"]
[Result "0-1"]
[Termination "normal"]
[Board "7.4"]
[WhiteElo "774"]
[BlackElo "800"]
[WhiteTeam "Salier-Gymnasium Waiblingen"]
[BlackTeam "Albertus-Magnus-Schule Viernheim"]
[PlyCount "86"]
[EventCountry "GER"]
[EventRounds "7"]
[EventType "team-swiss"]
[EventDate "2012.05.03"]

1. e4 e5 2. Nf3 Nc6 3. Bc4 Nf6 4. d3 Bc5 5. O-O d6 6. Nc3 Bg4 7. h3 Bxf3 8.
Qxf3 O-O 9. Bd2 Ne8 10. Qg3 Bd4 11. Bh6 Bxc3 12. Qxg7+ Nxg7 13. bxc3 Re8 14.
Rae1 Na5 15. Bb5 Re6 16. d4 Rxh6 17. Rd1 exd4 18. cxd4 a6 19. Ba4 b5 20. Bb3
Nxb3 21. axb3 Qe8 22. Rde1 c5 23. e5 cxd4 24. exd6 Qd8 25. c3 dxc3 26. Rc1 Rc8
27. Rfd1 c2 28. Rd2 Rxd6 29. Rcxc2 Rxc2 30. Rxc2 Rd2 31. Rc3 Rd3 32. Rc2 Rxb3
33. Ra2 Qa8 34. Rc2 Qb8 35. Rc1 Nf5 36. g3 Qe5 37. Rf1 Qe4 38. h4 Rb1 39. Rxb1
Qxb1+ 40. Kh2 Qe1 41. Kh3 Qxf2 42. Kg4 Qxg3+ 43. Kh5 Qg6# 0-1

[Event "DSM WK M 2012"]
[Site "Karlsruhe GER"]
[Date "2012.05.04"]
[Round "3"]
[White "Schmieder, Michelle"]
[Black "Wiesner, Paula"]
[Result "0-1"]
[Termination "normal"]
[Board "8.1"]
[WhiteElo "1210"]
[BlackElo "1776"]
[WhiteTeam "Clemens-Winkler-Gymnasium Aue"]
[BlackTeam "Goethe-Gymnasium Karlsruhe"]
[PlyCount "82"]
[BlackFideId "24654019"]
[EventCountry "GER"]
[EventRounds "7"]
[EventType "team-swiss"]
[EventDate "2012.05.03"]

1. e4 e6 2. d4 d5 3. Nc3 Nf6 4. Bd3 Be7 5. Nf3 O-O 6. O-O dxe4 7. Nxe4 Nbd7 8.
Ng3 c5 9. Be3 Nd5 10. Bd2 Qb6 11. c4 Nb4 12. Bc3 Bf6 13. Be4 cxd4 14. Bxd4 Bxd4
15. Nxd4 Nf6 16. Bf3 Rd8 17. Nge2 e5 18. c5 Qxc5 19. Nb3 Qe7 20. Qb1 e4 21.
Ned4 exf3 22. Nxf3 Be6 23. Re1 Qd6 24. Nfd4 Bxb3 25. Nxb3 Rac8 26. a3 Nc2 27.
Qd1 Nxa1 28. Qxa1 Rc2 29. Qb1 Rdc8 30. h3 Qb6 31. Rf1 Qxb3 32. Qd1 Rxb2 33. g3
Qxd1 34. Rxd1 h6 35. g4 Rcc2 36. a4 Rxf2 37. Rd8+ Kh7 38. Rd1 Ne4 39. Re1 Ng3
40. Re2 Rbxe2 41. g5 Rg2# 0-1

[Event "DSM WK M 2012"]
[Site "Karlsruhe GER"]
[Date "2012.05.04"]
[Round "3"]
[White "Henke, Hanna"]
[Black "Kluge, Leyla"]
[Result "0-1"]
[Termination "normal"]
[Board "8.2"]
[WhiteElo "916"]
[BlackElo "1372"]
[WhiteTeam "Goethe-Gymnasium Karlsruhe"]
[BlackTeam "Clemens-Winkler-Gymnasium Aue"]
[PlyCount "88"]
[WhiteFideId "12964441"]
[BlackFideId "12918172"]
[EventCountry "GER"]
[EventRounds "7"]
[EventType "team-swiss"]
[EventDate "2012.05.03"]

1. e4 c5 2. Nf3 Nc6 3. Bc4 g6 4. Ng5 e6 5. d3 Bg7 6. Nc3 Nf6 7. Nf3 O-O 8. Bg5
d6 9. O-O a6 10. a3 b5 11. Ba2 Qc7 12. Re1 Bb7 13. a4 b4 14. Ne2 Nd7 15. Rb1
Nde5 16. Nxe5 Nxe5 17. Ng3 Rac8 18. Qd2 Rfe8 19. Ra1 a5 20. Bc4 Nxc4 21. dxc4
Bxb2 22. Rab1 Bc3 23. Qc1 Bxe1 24. Qxe1 d5 25. Bh6 dxc4 26. c3 Rcd8 27. cxb4
cxb4 28. Qe2 Rd7 29. Qf3 Red8 30. h3 f5 31. Qe3 fxe4 32. h4 c3 33. Rc1 c2 34.
Qb3 Rd1+ 35. Rxd1 cxd1=Q+ 36. Qxd1 Rxd1+ 37. Kh2 Qc2 38. Be3 Qxa4 39. Nxe4 Bxe4
40. f3 Bf5 41. Bh6 Qc6 42. Bg5 Qc7+ 43. g3 Qc2+ 44. Bd2 Qxd2# 0-1

[Event "DSM WK M 2012"]
[Site "Karlsruhe GER"]
[Date "2012.05.04"]
[Round "3"]
[White "Boden, Talitha"]
[Black "Ketterer, Beatrice"]
[Result "0-1"]
[Termination "normal"]
[Board "8.3"]
[WhiteElo "964"]
[BlackElo "785"]
[WhiteTeam "Clemens-Winkler-Gymnasium Aue"]
[BlackTeam "Goethe-Gymnasium Karlsruhe"]
[PlyCount "136"]
[BlackFideId "12983411"]
[EventCountry "GER"]
[EventRounds "7"]
[EventType "team-swiss"]
[EventDate "2012.05.03"]

1. e4 e5 2. Nf3 Nc6 3. Nc3 Nf6 4. g3 d5 5. exd5 Nxd5 6. Nxd5 Qxd5 7. Bg2 Bg4 8.
O-O Nd4 9. d3 Nxf3+ 10. Kh1 e4 11. dxe4 Qxd1 12. Rxd1 Bc5 13. Rd3 Ne1 14. Rc3
Bxf2 15. Bd2 Nxg2 16. Kxg2 Bb6 17. Bf4 O-O 18. Bxc7 Bxc7 19. Rxc7 Rfe8 20. Re1
f5 21. Rc4 a5 22. Kf2 b5 23. Rd4 g6 24. exf5 Rxe1 25. Kxe1 Bxf5 26. c3 Kf7 27.
Kf2 Bh3 28. Rh4 Be6 29. a3 h5 30. Rf4+ Kg7 31. Re4 Bf5 32. Re5 Rb8 33. Re7+ Kf6
34. Rc7 Rd8 35. Rc5 Rd2+ 36. Ke1 Rxb2 37. Rc6+ Kg5 38. Rc5 b4 39. a4 Ra2 40.
Rxa5 bxc3 41. Rc5 c2 42. a5 Ra1+ 43. Kd2 c1=Q+ 44. Rxc1 Rxa5 45. Ke2 Ra2+ 46.
Kf3 Rxh2 47. Rg1 Rh3 48. Kf2 Kg4 49. Rg2 h4 50. gxh4+ Kxh4 51. Rg1 Rh2+ 52. Rg2
Rxg2+ 53. Kxg2 g5 54. Kh2 g4 55. Kg2 g3 56. Kg1 Kh3 57. Kh1 Be4+ 58. Kg1 Bd5
59. Kf1 Kh2 60. Ke1 g2 61. Kf2 g1=Q+ 62. Ke2 Qg3 63. Kd2 Qf3 64. Kc2 Qe3 65.
Kb2 Qd3 66. Kc1 Qe2 67. Kb1 Bb3 68. Ka1 Qa2# 0-1

[Event "DSM WK M 2012"]
[Site "Karlsruhe GER"]
[Date "2012.05.04"]
[Round "3"]
[White "Kipp, Emma"]
[Black "Münzner, Jasmin"]
[Result "1/2-1/2"]
[Termination "normal"]
[Board "8.4"]
[WhiteElo "800"]
[BlackElo "974"]
[WhiteTeam "Goethe-Gymnasium Karlsruhe"]
[BlackTeam "Clemens-Winkler-Gymnasium Aue"]
[PlyCount "63"]
[EventCountry "GER"]
[EventRounds "7"]
[EventType "team-swiss"]
[EventDate "2012.05.03"]

1. e4 c5 2. Bb5 a6 3. Ba4 b5 4. Bb3 c4 5. Nc3 cxb3 6. axb3 Nc6 7. Nf3 e6 8. d4
Bb7 9. Bg5 Be7 10. Qd2 f6 11. Bf4 g5 12. Be3 h6 13. O-O Qb8 14. d5 Ne5 15. Nxe5
Qxe5 16. Qd3 Bd6 17. g3 exd5 18. exd5 Ne7 19. Rfd1 Bb4 20. Bf4 Qf5 21. Qxf5
Nxf5 22. Ne4 O-O 23. Bc7 Rfe8 24. Nxf6+ Kf7 25. Nxe8 Kxe8 26. c3 Bd6 27. Ba5
Ne7 28. Re1 Kf7 29. Rad1 Nxd5 30. c4 Bb4 31. cxd5 Bxe1 32. Rxe1 1/2-1/2

[Event "DSM WK M 2012"]
[Site "Karlsruhe GER"]
[Date "2012.05.04"]
[Round "3"]
[White "Schweiger, Yasmin"]
[Black "König, Isabel"]
[Result "1-0"]
[Termination "normal"]
[Board "9.1"]
[WhiteElo "1038"]
[BlackElo "1099"]
[WhiteTeam "Gymnasium Neureut"]
[BlackTeam "Gymnasium Altenholz"]
[PlyCount "87"]
[BlackFideId "16210000"]
[EventCountry "GER"]
[EventRounds "7"]
[EventType "team-swiss"]
[EventDate "2012.05.03"]

1. d4 d5 2. c4 e6 3. Nc3 c6 4. Bf4 Nd7 5. e3 Bb4 6. Nf3 Ngf6 7. Be2 dxc4 8.
Bxc4 O-O 9. O-O b5 10. Bb3 a5 11. Qd3 a4 12. Bc2 Bxc3 13. Qxc3 Nd5 14. Qd3 N7f6
15. Bg5 Bb7 16. a3 Rc8 17. e4 g6 18. exd5 exd5 19. Rfe1 Qd6 20. b4 axb3 21.
Qxb3 Rfe8 22. Rxe8+ Rxe8 23. Qb4 Qe6 24. Re1 Ne4 25. Re3 f5 26. h3 Kg7 27. Bf4
h6 28. Qa5 g5 29. Be5+ Kg6 30. Nd2 f4 31. Bxe4+ dxe4 32. Rxe4 c5 33. Qxb5 Bxe4
34. Nxe4 cxd4 35. Bxd4 Qxe4 36. Qb6+ Re6 37. Qa7 Qe1+ 38. Kh2 h5 39. Qa8 Qe4
40. Qg8+ Kf5 41. Qf8+ Kg6 42. Qg7+ Kf5 43. Qf7+ Rf6 44. Qxf6# 1-0

[Event "DSM WK M 2012"]
[Site "Karlsruhe GER"]
[Date "2012.05.04"]
[Round "3"]
[White "Caliebe, Nanke"]
[Black "Richter, Charlotte"]
[Result "1/2-1/2"]
[Termination "normal"]
[Board "9.2"]
[WhiteElo "867"]
[BlackElo "800"]
[WhiteTeam "Gymnasium Altenholz"]
[BlackTeam "Gymnasium Neureut"]
[PlyCount "107"]
[WhiteFideId "12980528"]
[EventCountry "GER"]
[EventRounds "7"]
[EventType "team-swiss"]
[EventDate "2012.05.03"]

1. d4 d5 2. c4 dxc4 3. e4 Nc6 4. Be3 e5 5. Nf3 Bd6 6. Bxc4 Nf6 7. Bb5 Nxe4 8.
dxe5 Bb4+ 9. Nbd2 O-O 10. Bxc6 bxc6 11. O-O Bf5 12. Rc1 c5 13. a3 Bxd2 14. Nxd2
Qd5 15. Nxe4 Bxe4 16. Qxd5 Bxd5 17. Bxc5 Rfe8 18. Bd4 a6 19. Rxc7 Rab8 20. Ra7
Ra8 21. Rxa8 Rxa8 22. f4 g6 23. g3 Rc8 24. b4 Rc4 25. Bc5 Bc6 26. Rd1 Bf3 27.
Rd8+ Kg7 28. Rf8 a5 29. Rd8 Rc1+ 30. Kf2 Bc6 31. Be3 Ra1 32. bxa5 Rxa3 33. Rc8
Be4 34. Rc5 Ra2+ 35. Kg1 Rg2+ 36. Kf1 Rxh2 37. Bd4 Kh6 38. Rc7 Bd5 39. a6 Ra2
40. a7 Ra4 41. Be3 Ra3 42. f5+ Rxe3 43. Rd7 Bf3 44. Kf2 Ra3 45. e6 fxe6 46.
fxe6 Bc6 47. Rd6 Bb5 48. e7 Rxa7 49. Re6 Ra8 50. Kf3 Kg7 51. Re5 Kf6 52. Rxb5
Kxe7 53. Rb7+ Kf6 54. Rxh7 1/2-1/2

[Event "DSM WK M 2012"]
[Site "Karlsruhe GER"]
[Date "2012.05.04"]
[Round "3"]
[White "Fotler, Diana"]
[Black "Morsch, Rebecca"]
[Result "1-0"]
[Termination "normal"]
[Board "9.3"]
[WhiteElo "800"]
[BlackElo "800"]
[WhiteTeam "Gymnasium Neureut"]
[BlackTeam "Gymnasium Altenholz"]
[PlyCount "99"]
[EventCountry "GER"]
[EventRounds "7"]
[EventType "team-swiss"]
[EventDate "2012.05.03"]

1. e4 c5 2. Nf3 d6 3. d4 cxd4 4. Qxd4 Nc6 5. Qd5 e6 6. Qb3 Nf6 7. Nc3 b6 8. Bf4
Be7 9. Bb5 Qd7 10. Qc4 Ba6 11. Bxc6 Bxc4 12. Bxd7+ Nxd7 13. e5 d5 14. b3 Bb4
15. Bd2 Bb5 16. Nxb5 Bxd2+ 17. Kxd2 O-O 18. Rad1 Rfc8 19. Nd6 Rc6 20. Rhe1 f6
21. c4 fxe5 22. Nxe5 Rxd6 23. Kc2 Nxe5 24. Rxe5 d4 25. g3 Rf8 26. f4 Rf5 27.
Rxf5 exf5 28. h3 a5 29. Kd3 Kf7 30. Re1 g6 31. Re5 Kf6 32. c5 bxc5 33. Rxc5 Ke6
34. Rxa5 Kf6 35. Ra4 g5 36. Rxd4 Rxd4+ 37. Kxd4 gxf4 38. gxf4 Ke7 39. a4 Kd8
40. b4 Kc7 41. Kc5 Kb8 42. a5 Kc7 43. b5 Kb7 44. a6+ Kb8 45. Kc6 Ka8 46. b6 h5
47. Kc7 h4 48. b7+ Ka7 49. b8=Q+ Kxa6 50. Qb6# 1-0

[Event "DSM WK M 2012"]
[Site "Karlsruhe GER"]
[Date "2012.05.04"]
[Round "3"]
[White "Severing, Lynn"]
[Black "Schweiger, Lauralie"]
[Result "0-1"]
[Termination "normal"]
[Board "9.4"]
[WhiteElo "800"]
[BlackElo "830"]
[WhiteTeam "Gymnasium Altenholz"]
[BlackTeam "Gymnasium Neureut"]
[PlyCount "78"]
[EventCountry "GER"]
[EventRounds "7"]
[EventType "team-swiss"]
[EventDate "2012.05.03"]

1. d4 d5 2. c4 c6 3. e3 Nf6 4. Nc3 Bf5 5. Nf3 e6 6. Bd3 Bb4 7. Bd2 O-O 8. O-O
Nbd7 9. a3 Bxd3 10. Re1 Ba5 11. b4 Bc7 12. cxd5 cxd5 13. Bc1 Bc4 14. e4 e5 15.
exd5 Nxd5 16. Nxd5 Bxd5 17. Nxe5 Re8 18. Nd3 Bb6 19. Qg4 Rxe1+ 20. Nxe1 Qf6 21.
Be3 Rd8 22. a4 a5 23. bxa5 Bxa5 24. Nd3 Nb6 25. Rc1 Bc4 26. Nc5 Rd5 27. Re1
Bxe1 28. Ne4 Qe7 29. Ng3 Nxa4 30. Nf5 Rxf5 31. Qxf5 b5 32. Qc2 Bc3 33. Qc1 Qd7
34. Qd1 b4 35. f4 Nb2 36. Qc1 Bxd4 37. Bxd4 Qxd4+ 38. Kh1 b3 39. g3 Bd5# 0-1

[Event "DSM WK M 2012"]
[Site "Karlsruhe GER"]
[Date "2012.05.04"]
[Round "3"]
[White "von der Heyde, Emma Lotte"]
[Black "Hammer, Nicole"]
[Result "0-1"]
[Termination "normal"]
[Board "10.1"]
[WhiteElo "800"]
[BlackElo "752"]
[WhiteTeam "Schule an der Carbäk Broderstorf"]
[BlackTeam "Freiherr-vom-Stein Gymnasium Hamm"]
[PlyCount "74"]
[EventCountry "GER"]
[EventRounds "7"]
[EventType "team-swiss"]
[EventDate "2012.05.03"]

1. e4 e5 2. Nf3 Nc6 3. Nc3 g6 4. Bc4 d6 5. d3 Nf6 6. Bg5 Bg7 7. O-O O-O 8. Qe1
Qd7 9. Nh4 Nd4 10. Rc1 Qg4 11. Qe3 Nh5 12. Nd1 Ne2+ 13. Kh1 Nxc1 14. Qxc1 Bf6
15. Ne3 Qxg5 16. g3 Bh3 17. Rg1 c6 18. d4 exd4 19. f4 Qa5 20. g4 Nxf4 21. Bd3
dxe3 22. Qxe3 Bg5 23. Bc4 d5 24. exd5 cxd5 25. Bd3 Qxa2 26. Qc1 d4 27. Nf3 Qd5
28. Be2 Nxe2 29. Qf1 Bxf1 30. Rxf1 Qe4 31. b3 Qxg4 32. c4 Qh3 33. Rf2 Ng3+ 34.
Kg1 Rfe8 35. b4 Re2 36. hxg3 Qxg3+ 37. Kf1 Qxf2# 0-1

[Event "DSM WK M 2012"]
[Site "Karlsruhe GER"]
[Date "2012.05.04"]
[Round "3"]
[White "Hörnschemeyer, Mara"]
[Black "Führer, Anne"]
[Result "1-0"]
[Termination "normal"]
[Board "10.2"]
[WhiteElo "800"]
[BlackElo "800"]
[WhiteTeam "Freiherr-vom-Stein Gymnasium Hamm"]
[BlackTeam "Schule an der Carbäk Broderstorf"]
[PlyCount "39"]
[EventCountry "GER"]
[EventRounds "7"]
[EventType "team-swiss"]
[EventDate "2012.05.03"]

1. e4 e5 2. Nf3 Nf6 3. Nc3 Nc6 4. Bc4 Bc5 5. d3 O-O 6. O-O d6 7. h3 a6 8. Bg5
Qe8 9. Bxf6 gxf6 10. Nh4 Bb4 11. Nd5 Be6 12. Nxf6+ Kg7 13. Nxe8+ Rfxe8 14. Nf5+
Bxf5 15. exf5 h6 16. Qf3 a5 17. f6+ Kf8 18. Qh5 Kg8 19. Qxf7+ Kh8 20. Qg7# 1-0

[Event "DSM WK M 2012"]
[Site "Karlsruhe GER"]
[Date "2012.05.04"]
[Round "3"]
[White "Schleede, Celina"]
[Black "Kowalski, Rebecca"]
[Result "0-1"]
[Termination "normal"]
[Board "10.3"]
[WhiteElo "800"]
[BlackElo "800"]
[WhiteTeam "Schule an der Carbäk Broderstorf"]
[BlackTeam "Freiherr-vom-Stein Gymnasium Hamm"]
[PlyCount "110"]
[EventCountry "GER"]
[EventRounds "7"]
[EventType "team-swiss"]
[EventDate "2012.05.03"]

1. d4 d5 2. Nc3 Nf6 3. Nf3 Bg4 4. Bg5 Nc6 5. e3 e6 6. Bb5 Bb4 7. O-O O-O 8. h3
h6 9. hxg4 hxg5 10. a3 Ba5 11. Bxc6 bxc6 12. Nxg5 Nh7 13. Nxh7 Kxh7 14. Qd3+
Kg8 15. Rad1 Qh4 16. f3 c5 17. dxc5 c6 18. Qa6 Bc7 19. Qxc6 Bg3 20. Rfe1 Bxe1
21. Rxe1 Qxe1+ 22. Kh2 Qxe3 23. Nd1 Rac8 24. Qxc8 Rxc8 25. Nxe3 Rxc5 26. b4 Rc3
27. Nd1 Rxc2 28. Ne3 Rc3 29. Nd1 Rxa3 30. Nb2 d4 31. Kg1 a5 32. b5 Rb3 33. Nd3
Rxd3 34. b6 a4 35. b7 Rb3 36. Kh2 Rxb7 37. Kg3 a3 38. Kf4 a2 39. Kg3 a1=R 40.
Kf4 e5+ 41. Kxe5 Rg1 42. Kxd4 Rxg2 43. Kd5 f5 44. gxf5 g6 45. fxg6 Rxg6 46. f4
Ra6 47. Ke4 Rb5 48. Kf3 Rf6 49. Kg4 Rbf5 50. Kf3 Rxf4+ 51. Kg3 Ra4 52. Kg2 Rb6
53. Kh3 Rb3+ 54. Kg2 Ra2+ 55. Kf1 Rb1# 0-1

[Event "DSM WK M 2012"]
[Site "Karlsruhe GER"]
[Date "2012.05.04"]
[Round "3"]
[White "Mewes, Melissa"]
[Black "Esemann, Charlotte"]
[Result "1-0"]
[Termination "normal"]
[Board "10.4"]
[WhiteElo "800"]
[BlackElo "800"]
[WhiteTeam "Freiherr-vom-Stein Gymnasium Hamm"]
[BlackTeam "Schule an der Carbäk Broderstorf"]
[PlyCount "47"]
[EventCountry "GER"]
[EventRounds "7"]
[EventType "team-swiss"]
[EventDate "2012.05.03"]

1. e4 e5 2. Nf3 Nf6 3. Nxe5 Nxe4 4. Bd3 Bb4 5. Bxe4 Qg5 6. O-O Na6 7. d3 Qxe5
8. a3 Nc5 9. Qg4 b5 10. axb4 Na6 11. Bd2 Rb8 12. Re1 c6 13. Bf5 d5 14. Rxe5+
Be6 15. Bxe6 fxe6 16. Rxe6+ Kd8 17. Qxg7 Re8 18. Qf7 Rxe6 19. Qxe6 Nc7 20. Qd6+
Ke8 21. Na3 Na8 22. Re1+ Kf7 23. Re7+ Kg8 24. Qxb8# 1-0